000
00223nam a22000977a 4500
008
160512b xxu||||| |||| 00| 0 eng d
041
_a
eng
080
_a
61612
245
_a
General topology:
_c
John L. Kelley;
942
_2
udc
_c
BK
999
_c
2096
_d
2096